Statistics for Country vs. Country: Literacy Rate

Click here to take the quiz!

General Stats

  • This quiz has been taken 34 times
  • The average score is 12 of 15

Answer Stats

QuestionAnswer% Correct
Somalia or Mexico?Mexico
97%
Eritrea or Cyprus?Cyprus
94%
Hungary or Morocco?Hungary
91%
Niger or India?India
91%
Tanzania or Kuwait?Kuwait
91%
Russia or Egypt?Russia
82%
Sri Lanka or Burundi?Sri Lanka
82%
Philippines or Armenia?Armenia
79%
Djibouti or Chad?Djibouti
79%
Mali or Madagascar?Madagascar
79%
Montenegro or Iran?Montenegro
79%
Fiji or China?China
76%
Kenya or Micronesia?Micronesia
76%
Bulgaria or United Arab Emirates?Bulgaria
50%
Tajikistan or Nepal?Tajikistan
50%

Score Distribution

Percentile by Number Answered

Percent of People with Each Score

Your Score History

You have not taken this quiz